00000000nam##2200000za#4500
0019.643292
003CaOODSP
00520210624224112
007cr |||||||||||
008150407|1995||||xxc|||||o    f|0| 0 fre|d
040 |aCaOODSP|bfre
043 |an-cn---
0861 |aEn108-4/65-1995F-PDF
1101 |aCanada.|bConseil canadien des ministres de l'environnement.
24510|aRapport présenté au Conseil canadien des ministres de l'Environnement par le Groupe d'étude sur les véhicules et les carburants moins polluants |h[ressource électronique]
260 |aWinnipeg - Manitoba : |bConseil canadien des ministres de l'environnement |c[1995].
300 |a5p.
590 |a14-21-Supp|b2014-12-11
69107|aAutomobile|2gcpds
69107|aCarburant|2gcpds
69107|aÉmission atmosphérique|2gcpds
77508|tReport to the Canadian Council of Ministers of the Environment by the Task Force on Cleaner Vehicles and Fuels |w(CaOODSP)9.699177
85640|ahttp://publications.gc.ca|qPDF|s84 Ko|uhttps://publications.gc.ca/collections/collection_2014/ec/En108-4-65-1995-fra.pdf